000 00317nam a2200109Ia 4500
008 200302s9999 xx 000 0 und d
100 _aH. S. Geyer & T. M. Kontuly
245 _aDifferntial Urbanization Integrating Spatial Models
260 _bA Member of the Hodder Headline Group
260 _c1996
300 _a343 P.,
999 _c5609
_d5609